Average yields . - February - November 1993 (Record no. 91326)

MARC details
000 -LEADER
fixed length control field 00931cam a2200325 4500
001 - CONTROL NUMBER
control field J1434
008 - FIXED-LENGTH DATA ELEMENTS--GENERAL INFORMATION
fixed length control field 090401t1993 xxu||||| |||| 00| 0 eng d
035 ## - SYSTEM CONTROL NUMBER
System control number (Sirsi) u43447
041 ## - LANGUAGE CODE
Language code of text/sound track or separate title eng
050 ## - LIBRARY OF CONGRESS CALL NUMBER
Classification number 332.6324
110 ## - MAIN ENTRY--CORPORATE NAME
Corporate name or jurisdiction name as entry element Hillier Parker Research
9 (RLIN) 2002
245 ## - TITLE STATEMENT
Title Average yields . - February - November 1993
260 ## - PUBLICATION, DISTRIBUTION, ETC.
Place of publication, distribution, etc. London
Name of publisher, distributor, etc. Hillier Parker May and Rowden
Date of publication, distribution, etc. 1993
300 ## - PHYSICAL DESCRIPTION
Extent 5 pt. ; 30cm.
350 ## - PRICE (NR) (BK AM CF MU VM SE) [OBSOLETE]
Price 0
520 ## - SUMMARY, ETC.
Summary, etc. June issue is a special edition in addition to the May issue.
650 ## - SUBJECT ADDED ENTRY--TOPICAL TERM
Topical term or geographic name entry element AVERAGE YIELDS
650 ## - SUBJECT ADDED ENTRY--TOPICAL TERM
Topical term or geographic name entry element EQUITIES
650 ## - SUBJECT ADDED ENTRY--TOPICAL TERM
Topical term or geographic name entry element GILTS
650 ## - SUBJECT ADDED ENTRY--TOPICAL TERM
Topical term or geographic name entry element INDUSTRIAL PROPERTY
650 ## - SUBJECT ADDED ENTRY--TOPICAL TERM
Topical term or geographic name entry element OFFICES
650 ## - SUBJECT ADDED ENTRY--TOPICAL TERM
Topical term or geographic name entry element PROPERTY INVESTMENT
650 ## - SUBJECT ADDED ENTRY--TOPICAL TERM
Topical term or geographic name entry element PROPERTY MARKET INDICATORS
650 ## - SUBJECT ADDED ENTRY--TOPICAL TERM
Topical term or geographic name entry element SHOPS
650 ## - SUBJECT ADDED ENTRY--TOPICAL TERM
Topical term or geographic name entry element YIELDS
690 ## - LOCAL SUBJECT ADDED ENTRY--TOPICAL TERM (OCLC, RLIN)
Topical term or geographic name as entry element PROPERTY-COMMERCIAL PROPERTY-COMMERCIAL PROPERTY FINANCE AND INVESTMENT
710 ## - ADDED ENTRY--CORPORATE NAME
Corporate name or jurisdiction name as entry element Investors Chronicle
9 (RLIN) 2657
942 ## - ADDED ENTRY ELEMENTS (KOHA)
Suppress in OPAC 0
948 ## - LOCAL PROCESSING INFORMATION (OCLC); SERIES PART DESIGNATOR (RLIN)
c (OCLC) 04/03/1997
Holdings
Withdrawn status Lost status Source of classification or shelving scheme Damaged status Not for loan Home library Current library Shelving location Date acquired Total Checkouts Full call number Barcode Date last seen Copy number Price effective from Koha item type
    Dewey Decimal Classification     London London Property market reports 02/04/1993   PROPERTY MARKET REPORTS 30038364 06/08/2019 1 06/08/2019 Reference material
    Dewey Decimal Classification     London London Property market reports 02/04/1993   PROPERTY MARKET REPORTS 30038365 06/08/2019 2 06/08/2019 Book
    Dewey Decimal Classification     London London Property market reports 17/05/1993   PROPERTY MARKET REPORTS 30038668 06/08/2019 3 06/08/2019 Reference material
    Dewey Decimal Classification     London London Property market reports 17/05/1993   PROPERTY MARKET REPORTS 30038669 06/08/2019 4 06/08/2019 Book
    Dewey Decimal Classification     London London Property market reports 18/06/1993   PROPERTY MARKET REPORTS 30039009 06/08/2019 5 06/08/2019 Reference material
    Dewey Decimal Classification     London London Property market reports 18/06/1993   PROPERTY MARKET REPORTS 30039010 06/08/2019 6 06/08/2019 Book
    Dewey Decimal Classification     London London Property market reports 19/08/1993   PROPERTY MARKET REPORTS 30039406 06/08/2019 7 06/08/2019 Reference material
    Dewey Decimal Classification     London London Property market reports 11/11/1993   PROPERTY MARKET REPORTS 30040103 06/08/2019 8 06/08/2019 Reference material
    Dewey Decimal Classification     London London Property market reports 11/11/1993   PROPERTY MARKET REPORTS 30040104 06/08/2019 9 06/08/2019 Book